000
00262nam a22001097a 4500
999
_c
171286
_d
171286
082
_a
_b
245
_a
Women writing in india 600 BC to the present (v.1)/
_c
by Tharu Susie (ed.).
260
_a
_b
Oxford,
_c
1999.
300
_a
535p.
650
_a
942
_c
BK